Business plan of a startup company diplomová práca

Uložené v:
Podrobná bibliografia
Hlavný autor: Kováčová, Mária
Korporativný autor: Fakulta podnikového manažmentu EU. Katedra manažmentu
Ďalší autori: Zagoršek, Branislav, 1984-
Médium: Kniha
Jazyk:English
Vydavateľské údaje: Bratislava 2018
Tagy: Pridať tag
Žiadne tagy, Buďte prvý, kto otaguje tento záznam!

MARC

LEADER 00000nbm a2200000 4500
001 0247300
005 20180920130748.8
041 0 |a eng 
044 |a SK 
245 1 0 |a Business plan of a startup company  |b diplomová práca  |c Mária Kováčová ; školiteľ: Branislav Zagoršek 
264 1 |a Bratislava  |c 2018 
300 |a 109 s. 
100 1 |a Kováčová, Mária 
700 1 |a Zagoršek, Branislav, 1984- 
710 2 |a Fakulta podnikového manažmentu EU. Katedra manažmentu